Konferenčný stolík s viacnásobným využitím

Gespeichert in:
Bibliographische Detailangaben
1. Verfasser: Fábiková, Kristína (Verfasst von)
Weitere Verfasser: Paliatka, Peter (Betreuung Doktorarbeit)
Format: Manuskript Buch
Sprache:Slowakisch
Veröffentlicht: Bratislava 2019
Schlagworte:
Online-Zugang:http://is.stuba.sk/zp/portal_zp.pl?podrobnosti=133786
Tags: Tag hinzufügen
Keine Tags, Fügen Sie das erste Tag hinzu!

MARC

LEADER 00000ntm a22000003a 4500
001 stuzp74856
003 SK-STU
005 20200917104614.2
007 ta
008 150427s2015----xo-----f-mn---000-0-slo-d
040 |a STU  |b slo 
041 0 |a slo 
100 1 |a Fábiková, Kristína  |u 059190  |4 aut  |U FAD Fakulta architektúry  |T FA Ústav dizajnu  |X 82392  |U A9190  |Y 400  |7 82392 
242 0 1 |a Coffee table with multiple use  |y eng 
245 1 0 |a Konferenčný stolík s viacnásobným využitím 
260 |c 2019  |a Bratislava 
650 4 |a konferenčný stolík  |2 slo 
650 4 |a malometrážny byt  |2 slo 
650 4 |a obývacia izba  |2 slo 
650 4 |a dizajn  |2 slo 
650 4 |a small apartment  |2 eng 
650 4 |a living room  |2 eng 
650 4 |a design  |2 eng 
650 4 |a coffee table  |2 eng 
700 1 |a Paliatka, Peter  |u 059190  |k Z1  |4 ths  |U FAD Fakulta architektúry  |T FA Ústav dizajnu  |X 332  |U A9190  |Y 400  |7 A000000332 
856 4 |u http://is.stuba.sk/zp/portal_zp.pl?podrobnosti=133786  |u https://opac.crzp.sk/?fn=detailBiblioForm&sid=819BE1355532A4D3171162AB1E91